Komparatívna analýza vývoja záujmu o štúdium na technických univerzitách v SR a Česku.

Gespeichert in:
Bibliographische Detailangaben
1. Verfasser: Opatovská, Monika (Verfasst von)
Weitere Verfasser: Ballová, Dominika (Betreuung Doktorarbeit)
Format: Manuskript Buch
Sprache:Slowakisch
Veröffentlicht: 2018
Schlagworte:
Online-Zugang:http://is.stuba.sk/zp/portal_zp.pl?podrobnosti=127876
https://opac.crzp.sk/?fn=detailBiblioForm&sid=CB745B58B0F7E53C005BC76F3E25
Tags: Tag hinzufügen
Keine Tags, Fügen Sie das erste Tag hinzu!

MARC

LEADER 00000ntm a22000003a 4500
001 stuzp67872
003 SK-STU
005 20230627110603.6
007 ta
008 150427s2015----xo-----f-mn---000-0-slo-d
040 |a STU  |b slo 
041 0 |a slo 
100 1 |a Opatovská, Monika  |u 010220  |4 aut  |U SvF Stavebná fakulta  |T SvF Katedra matematiky a deskriptívnej geometrie  |X 74586  |U V220  |Y 23  |7 74586 
242 0 1 |a Comparative analysis of the development of interest in study at technical universities in Slovakia and the Czech Republic.  |y eng 
245 1 0 |a Komparatívna analýza vývoja záujmu o štúdium na technických univerzitách v SR a Česku. 
260 |c 2018 
650 4 |a štatistické testy  |2 slo 
650 4 |a trendová analýza  |2 slo 
650 4 |a change-point  |2 slo 
650 4 |a zhluková analýza  |2 slo 
650 4 |a trend analysis  |2 eng 
650 4 |a change-point  |2 eng 
650 4 |a cluster analysis  |2 eng 
650 4 |a statistical tests  |2 eng 
700 1 |a Ballová, Dominika  |u 010220  |k Z3  |4 ths  |U SvF Stavebná fakulta  |T SvF Katedra matematiky a deskriptívnej geometrie  |X 93588  |U V220  |Y 23  |7 93588 
856 4 |u http://is.stuba.sk/zp/portal_zp.pl?podrobnosti=127876 
856 4 |u https://opac.crzp.sk/?fn=detailBiblioForm&sid=CB745B58B0F7E53C005BC76F3E25